Crash course in the Jewish history : from Abraham to modern Israel (Record no. 75614)

MARC details
000 -LEADER
fixed length control field 00552nam a22001937a 4500
005 - DATE AND TIME OF LATEST TRANSACTION
control field 20230412120908.0
008 - FIXED-LENGTH DATA ELEMENTS--GENERAL INFORMATION
fixed length control field 230403b |||||||| |||| 00| 0 eng d
020 ## - INTERNATIONAL STANDARD BOOK NUMBER
International Standard Book Number 9781568715322
Qualifying information Hard cover
040 ## - CATALOGING SOURCE
Original cataloging agency CBULib
Transcribing agency CBULib
041 ## - LANGUAGE CODE
Language code of text/sound track or separate title eng
050 ## - LIBRARY OF CONGRESS CALL NUMBER
Classification number DS 117 Spi
100 ## - MAIN ENTRY--PERSONAL NAME
Personal name Spiro, Ken
245 ## - TITLE STATEMENT
Title Crash course in the Jewish history : from Abraham to modern Israel
Statement of responsibility, etc. / by Ken Spiro
260 ## - PUBLICATION, DISTRIBUTION, ETC.
Place of publication, distribution, etc. Southfield :
Name of publisher, distributor, etc. Targum Press,
Date of publication, distribution, etc. 2010
300 ## - PHYSICAL DESCRIPTION
Extent xxiii, 484 pages : illustrations
600 ## - SUBJECT ADDED ENTRY--PERSONAL NAME
Personal name SPIRO, KEN
650 ## - SUBJECT ADDED ENTRY--TOPICAL TERM
Topical term or geographic name entry element JEWS
942 ## - ADDED ENTRY ELEMENTS (KOHA)
Koha item type MONOGRAPH
999 ## -
-- 75614
-- 75614
Holdings
Withdrawn status Lost status Source of classification or shelving scheme Damaged status Not for loan Collection code Permanent Location Current Location Shelving location Date acquired Source of acquisition Cost, normal purchase price Total Checkouts Full call number Barcode Date last seen Date last checked out Copy number Cost, replacement price Price effective from Koha item type
          Main Library Open Access Collection CBU-MAIN LIBRARY, KITWE. CBU-MAIN LIBRARY, KITWE. General Stacks 04/03/2023 DON-BOOKAID 78.04 2 DS 117 Spi 751878 11/06/2025 01/26/2024 1 101.45 04/03/2023 MONOGRAPH
          Medical Library Collection CBU-SCHOOL OF MEDICINE LIBRARY, NDOLA. CBU-SCHOOL OF MEDICINE LIBRARY, NDOLA. School of Medicine Collection - Hospital Campus 04/04/2023 DON-BOOKAID 78.04   DS 117 Spi 905344 04/04/2023   2 101.45 04/04/2023 MONOGRAPH